000 00679cam a22002413a 4500
001 2422
003 PGUSA
005 20140828083014.0
008 001201s2000||||xxu|||||s|||||000 | eng d
040 _aPGUSA
_beng
042 _adc
050 4 _aSH
100 1 _aLang, Andrew,
_d1844-1912
245 1 0 _aIntroduction to the Compleat Angler
_h[electronic resource] /
_cAndrew Lang
260 _bProject Gutenberg,
_c2000
506 _aPublic domain in the USA.
516 _aElectronic text
653 _aFishing
653 _aWalton, Izaak, 1593-1683. Compleat angler
830 0 _aProject Gutenberg
_v2422
856 4 0 _uhttp://www.gutenberg.org/ebooks/2422
942 _cEB
999 _c231759
_d231759